[Event "POL-chT 2nd League"]
[Site "Sypniewo"]
[Date "2021.09.09"]
[Round "6.15"]
[White "Suchanek, Paulina"]
[Black "Bursa, Renata"]
[Result "0-1"]
[WhiteElo "1547"]
[BlackElo "1914"]
[PlyCount "104"]
[EventDate "2021.09.04"]
[EventType "team-swiss"]
[EventRounds "9"]
[EventCountry "POL"]
[SourceTitle "CBM 204 Extra"]
[Source "ChessBase"]
[SourceDate "2021.11.30"]
[SourceVersion "1"]
[SourceVersionDate "2021.11.30"]
[SourceQuality "1"]
[WhiteTeam "Raciborz Silesia"]
[BlackTeam "Bydgoszcz Wiartrak"]
[WhiteTeamCountry "POL"]
[BlackTeamCountry "POL"]

1. d4 d5 2. c4 e6 3. Nc3 Nf6 4. Nf3 Nbd7 5. Bg5 c6 6. e3 Qa5 7. Nd2 Bb4 8. Qc2 0-0 9. Bxf6 Nxf6 10. Bd3 dxc4 11. Nxc4 Qh5 12. 0-0 Nd5 13. Be2 Qg6 14. Bd3 Qh6 15. a3 Be7 16. Ne4 f5 17. Ned6 Rd8 18. Nxc8 Raxc8 19. Rac1 c5 20. dxc5 Rxc5 21. Qb3 b5 22. Nd2 Nxe3 23. Rfe1 Rxc1 24. Rxc1 Nc4 25. Rxc4 bxc4 26. Nxc4 Qc1+ 27. Bf1 Rd1 28. Ne3 Rd6 29. Nxf5 Rb6 30. Nxe7+ Kf7 31. Qa4 Qc7 32. Nc8 Qxc8 33. Qxa7+ Qb7 34. Qxb7+ Rxb7 35. g3 Rxb2 36. a4 Ra2 37. Bb5 Kf6 38. Kg2 Ke5 39. h3 Kd4 40. g4 g5 41. Kg3 e5 42. f3 Ke3 43. Bc6 Ra3 44. Be4 h6 45. Bc6 Ra1 46. Be4 Rxa4 47. Bf5 Ra1 48. Be4 Rg1+ 49. Kh2 Kf2 50. Bd5 Rg2+ 51. Kh1 Rg3 52. Kh2 Rxf3 0-1

[Event "POL-chT 2nd League"]
[Site "Sypniewo"]
[Date "2021.09.08"]
[Round "5.13"]
[White "Barwinska, Ewa"]
[Black "Suchanek, Paulina"]
[Result "1-0"]
[WhiteElo "1826"]
[BlackElo "1547"]
[PlyCount "73"]
[EventDate "2021.09.04"]
[EventType "team-swiss"]
[EventRounds "9"]
[EventCountry "POL"]
[SourceTitle "CBM 204 Extra"]
[Source "ChessBase"]
[SourceDate "2021.11.30"]
[SourceVersion "1"]
[SourceVersionDate "2021.11.30"]
[SourceQuality "1"]
[WhiteTeam "Kalisz KTS"]
[BlackTeam "Raciborz Silesia"]
[WhiteTeamCountry "POL"]
[BlackTeamCountry "POL"]

1. e4 e6 2. d4 d5 3. Nc3 Nf6 4. Bg5 Be7 5. e5 Nfd7 6. Bxe7 Qxe7 7. f4 a6 8. Nf3 c5 9. Qd2 Nc6 10. dxc5 Nxc5 11. Bd3 b5 12. 0-0 Bb7 13. Ne2 Rd8 14. Ned4 Ne4 15. Qe3 0-0 16. a4 Nxd4 17. Nxd4 bxa4 18. Rxa4 Nc5 19. Ra3 Nxd3 20. Rxd3 Rc8 21. f5 exf5 22. Nxf5 Qe6 23. Qg5 g6 24. Ne7+ Kg7 25. Rh3 f5 26. Qh6+ Kf7 27. Qxh7+ Ke8 28. Nxc8 Bxc8 29. Qg7 Rf7 30. Rh8+ Kd7 31. Qg8 Bb7 32. Qd8+ Kc6 33. Rf3 Rd7 34. Rc3+ Kb5 35. Rb3+ Kc4 36. Qa5 Qe7 37. Qc3# 1-0

[Event "POL-chT 2nd League"]
[Site "Jastrzebia Gora"]
[Date "2019.09.07"]
[Round "1.17"]
[White "Suchanek, Paulina"]
[Black "Bukowska, Katarzyna"]
[Result "1-0"]
[WhiteElo "1574"]
[BlackElo "1859"]
[PlyCount "67"]
[EventDate "2019.09.07"]
[EventType "team-swiss"]
[EventRounds "9"]
[EventCountry "POL"]
[SourceTitle "EXT 2020"]
[Source "ChessBase"]
[SourceDate "2019.10.17"]
[SourceVersion "1"]
[SourceVersionDate "2019.10.17"]
[SourceQuality "1"]
[WhiteTeam "Raciborz Silesia"]
[BlackTeam "Konin Hetman"]
[WhiteTeamCountry "POL"]
[BlackTeamCountry "POL"]

1. d4 d5 2. c4 e6 3. Nf3 Nf6 4. Nc3 Be7 5. Bg5 0-0 6. e3 Nbd7 7. Qc2 a6 8. Bd3 dxc4 9. Bxc4 b5 10. Be2 Bb7 11. 0-0 Rc8 12. Rfd1 h6 13. Bh4 Nd5 14. Bxe7 Qxe7 15. a4 c5 16. axb5 Nxc3 17. Qxc3 axb5 18. Ra7 b4 19. Qc4 Rc7 20. dxc5 Bd5 21. Rxc7 Bxc4 22. Bxc4 Qf6 23. Rcxd7 Qxb2 24. R7d4 Rc8 25. Ne5 b3 26. Nd3 Qa3 27. Bb5 b2 28. Rb4 Rxc5 29. Rxb2 Rd5 30. Rbb1 Rd8 31. h3 Qc3 32. Rdc1 Qf6 33. Nc5 Rd2 34. Ne4 1-0

[Event "Rubinstein Memorial-C 53rd"]
[Site "Polanica Zdroj"]
[Date "2017.08.19"]
[Round "1"]
[White "Suchanek, Paulina"]
[Black "Slabek, Grzegorz"]
[Result "0-1"]
[WhiteElo "1521"]
[BlackElo "2000"]
[PlyCount "75"]
[EventDate "2017.08.19"]
[EventType "swiss"]
[EventRounds "9"]
[EventCountry "POL"]
[SourceTitle "CBM 180 Extra"]
[Source "ChessBase"]
[SourceDate "2017.10.06"]
[SourceVersion "1"]
[SourceVersionDate "2017.10.06"]
[SourceQuality "1"]

1. d4 Nf6 2. c4 c6 3. Nf3 d5 4. Nc3 e6 5. Bg5 Be7 6. e3 0-0 7. Qc2 b6 8. Rc1 Bb7 9. c5 Nbd7 10. b4 a5 11. a3 axb4 12. axb4 bxc5 13. bxc5 h6 14. Bh4 Ra3 15. Bd3 Qa5 16. 0-0 Ba6 17. Bxa6 Qxa6 18. Qe2 Qa5 19. Qc2 Rb8 20. Nb1 Ra2 21. Qc3 Qa6 22. Qe1 Bd8 23. Nc3 Ra3 24. Ra1 Rbb3 25. Rxa3 Qxa3 26. Nb1 Qa2 27. Ne5 Nxe5 28. dxe5 Ba5 29. Qc1 Ne4 30. Be7 Nxf2 31. Rxf2 Qxb1 32. Qxb1 Rxb1+ 33. Rf1 Rb5 34. Kf2 Bc3 35. Bd6 d4 36. Rd1 Rb2+ 37. Kf3 dxe3 38. Kxe3 0-1

[Event "Karvina op"]
[Site "Karvina"]
[Date "2017.07.04"]
[Round "4"]
[White "Suchanek, Paulina"]
[Black "Zimniok, Zdenek"]
[Result "1/2-1/2"]
[WhiteElo "1530"]
[BlackElo "1818"]
[PlyCount "113"]
[EventDate "2017.07.01"]
[EventType "swiss"]
[EventRounds "9"]
[EventCountry "CZE"]
[SourceTitle "EXT 2018"]
[Source "ChessBase"]
[SourceDate "2017.10.13"]
[SourceVersion "1"]
[SourceVersionDate "2017.10.13"]
[SourceQuality "1"]

1. d4 d6 2. Nf3 Nf6 3. Nc3 g6 4. e4 Bg7 5. h3 c6 6. Be3 Qc7 7. Qd2 Nbd7 8. Rd1 0-0 9. Bd3 b5 10. Bh6 a5 11. Bxg7 Kxg7 12. Qe3 Bb7 13. Nh2 b4 14. Ne2 e5 15. b3 d5 16. Ng3 exd4 17. Qxd4 c5 18. Qb2 Rae8 19. Bb5 d4 20. 0-0 Bxe4 21. Rfe1 Bc6 22. Bxc6 Qxc6 23. Nf3 Rxe1+ 24. Rxe1 Re8 25. Rxe8 Nxe8 26. Qc1 h6 27. Qf4 Qe6 28. Kf1 a4 29. Nd2 a3 30. Qe4 Qxe4 31. Ngxe4 Nef6 32. Ke2 Nxe4 33. Nxe4 f5 34. Nd6 Kf6 35. Kd3 Ne5+ 36. Ke2 Ke6 37. Nb7 Kd5 38. f4 Nf7 39. Kd3 g5 40. fxg5 hxg5 41. Na5 Ne5+ 42. Ke2 c4 43. Kd1 d3 44. cxd3 cxb3 45. Nxb3 Nxd3 46. Ke2 Nf4+ 47. Kf3 Kc4 48. h4 Kc3 49. hxg5 Ng6 50. Nc1 Kb2 51. Nd3+ Kxa2 52. Nxb4+ Kb3 53. Nd3 Ne5+ 54. Ke3 f4+ 55. Ke4 Nxd3 56. g6 Nc5+ 57. Kf5 1/2-1/2

[Event "Karvina op"]
[Site "Karvina"]
[Date "2017.07.03"]
[Round "3"]
[White "Suchanek, Paulina"]
[Black "Broda, Michal"]
[Result "1/2-1/2"]
[WhiteElo "1530"]
[BlackElo "1814"]
[PlyCount "68"]
[EventDate "2017.07.01"]
[EventType "swiss"]
[EventRounds "9"]
[EventCountry "CZE"]
[SourceTitle "EXT 2018"]
[Source "ChessBase"]
[SourceDate "2017.10.13"]
[SourceVersion "1"]
[SourceVersionDate "2017.10.13"]
[SourceQuality "1"]

1. e4 e5 2. Nf3 Nc6 3. Nc3 Nf6 4. d4 Bb4 5. Bg5 Qe7 6. d5 Nb8 7. Bd3 d6 8. 0-0 h6 9. Bxf6 Qxf6 10. Nb5 Ba5 11. b4 Bb6 12. c4 Qe7 13. Rc1 a6 14. Nc3 0-0 15. Na4 Ba7 16. c5 Bg4 17. h3 Bh5 18. Be2 Nd7 19. c6 bxc6 20. Rxc6 Nf6 21. Nd2 Bg6 22. Bf3 Rfb8 23. a3 Rb7 24. Qe2 Bb8 25. Rfc1 Qd7 26. Nb3 Rba7 27. Na5 Kh7 28. Bg4 Nxg4 29. hxg4 f6 30. Nb2 Be8 31. R6c3 Qf7 32. a4 Bd7 33. f3 Qe8 34. Qc2 Kg6 1/2-1/2

[Event "Karvina op"]
[Site "Karvina"]
[Date "2015.06.30"]
[Round "4"]
[White "Suchanek, Paulina"]
[Black "Koci, Tomas"]
[Result "1/2-1/2"]
[WhiteElo "1477"]
[BlackElo "1696"]
[PlyCount "45"]
[EventDate "2015.06.27"]
[EventType "swiss"]
[EventRounds "9"]
[EventCountry "CZE"]
[SourceTitle "CBM 167 Extra"]
[Source "ChessBase"]
[SourceDate "2015.09.14"]
[SourceVersion "1"]
[SourceVersionDate "2015.09.14"]
[SourceQuality "1"]

1. e4 e5 2. Nf3 Nf6 3. Nc3 Nc6 4. d4 exd4 5. Nxd4 Bb4 6. Nxc6 bxc6 7. Bd3 d5 8. exd5 cxd5 9. Bd2 Qe7+ 10. Ne2 0-0 11. 0-0 Bc5 12. h3 Rb8 13. b3 Ne4 14. Bf4 Bf5 15. Ng3 Nxg3 16. Bxg3 Be6 17. Qh5 g6 18. Qe5 Bd6 19. Qe3 Bxg3 20. Qxg3 c5 21. Rfe1 Qd7 22. Rad1 Qc6 23. Bf1 1/2-1/2

[Event "Karvina op"]
[Site "Karvina"]
[Date "2014.07.02"]
[Round "5"]
[White "Chrostek, Lukas"]
[Black "Suchanek, Paulina"]
[Result "1-0"]
[WhiteElo "1814"]
[BlackElo "1305"]
[PlyCount "67"]
[EventDate "2014.06.28"]
[EventType "swiss"]
[EventRounds "9"]
[EventCountry "CZE"]
[SourceTitle "CBM 161 Extra"]
[Source "ChessBase"]
[SourceDate "2014.08.29"]
[SourceVersion "1"]
[SourceVersionDate "2014.08.29"]
[SourceQuality "1"]

1. e4 c5 2. Nc3 Nc6 3. g3 e6 4. Bg2 g6 5. Nge2 Bg7 6. 0-0 Nge7 7. d3 0-0 8. Be3 Nd4 9. f4 d5 10. e5 Nxe2+ 11. Nxe2 d4 12. Bf2 f6 13. exf6 Bxf6 14. c3 dxc3 15. bxc3 Qd6 16. Qc2 Nd5 17. Rab1 Rb8 18. d4 cxd4 19. Nxd4 a6 20. Rfe1 b5 21. Qb3 Bd7 22. Nxe6 Nxc3 23. Nxf8+ Kxf8 24. Rbc1 Rc8 25. Rc2 b4 26. Rb2 a5 27. Qc2 Bf5 28. Qd2 Qxd2 29. Rxd2 Bb1 30. Re6 Kf7 31. Ra6 a4 32. Rd7+ Ke8 33. Rxh7 Bd4 34. Re6+ 1-0

[Event "POL-chT U19 1st League"]
[Site "Karpacz"]
[Date "2013.07.30"]
[Round "9"]
[White "Cyboran, Katarzyna"]
[Black "Suchanek, Paulina"]
[Result "1-0"]
[WhiteElo "1763"]
[BlackElo "1339"]
[PlyCount "91"]
[EventDate "2013.07.22"]
[EventType "team-tourn"]
[EventRounds "9"]
[EventCountry "POL"]
[SourceTitle "EXT 2014"]
[Source "ChessBase"]
[SourceDate "2013.11.20"]
[SourceVersion "1"]
[SourceVersionDate "2013.11.20"]
[SourceQuality "1"]
[WhiteTeam "Czarna LKSz GCKiP U19"]
[BlackTeam "Raciborz KSz Silesia U19"]
[WhiteTeamCountry "POL"]
[BlackTeamCountry "POL"]

1. e4 c5 2. Nf3 Nc6 3. d4 cxd4 4. Nxd4 e5 5. Nb5 a6 6. Nd6+ Bxd6 7. Qxd6 Qf6 8. Qc7 Nge7 9. Nc3 0-0 10. Be3 d6 11. 0-0-0 Rd8 12. Nd5 Nxd5 13. exd5 Qe7 14. Qxe7 Nxe7 15. Bb6 Rd7 16. Bc4 Ng6 17. Bb3 Re7 18. c4 Bf5 19. Bc2 Bxc2 20. Kxc2 f5 21. b4 Rc8 22. Kb3 e4 23. Rhe1 Ne5 24. c5 dxc5 25. bxc5 Rd7 26. Kc3 Ng4 27. Re2 Nxh2 28. d6 Ng4 29. Bc7 Nf6 30. Rb2 Rcxc7 31. dxc7 Rxc7 32. Kb4 Nd7 33. Rd5 g6 34. Rbd2 Nf6 35. Rd6 Ng4 36. Kc4 Ne5+ 37. Kd4 Nd3 38. Rc2 Nb4 39. Rc4 Nc6+ 40. Kd5 Re7 41. Rxc6 bxc6+ 42. Kxc6 Kf7 43. Kb6 Re6+ 44. c6 e3 45. fxe3 Rxe3 46. c7 1-0

[Event "POL-chT U19 1st League"]
[Site "Karpacz"]
[Date "2013.07.29"]
[Round "8"]
[White "Suchanek, Paulina"]
[Black "Czaplewska, Klara"]
[Result "0-1"]
[WhiteElo "1339"]
[BlackElo "1689"]
[PlyCount "100"]
[EventDate "2013.07.22"]
[EventType "team-tourn"]
[EventRounds "9"]
[EventCountry "POL"]
[SourceTitle "EXT 2014"]
[Source "ChessBase"]
[SourceDate "2013.11.20"]
[SourceVersion "1"]
[SourceVersionDate "2013.11.20"]
[SourceQuality "1"]
[WhiteTeam "Raciborz KSz Silesia U19"]
[BlackTeam "Koszalin Hetman Politechnika U19"]
[WhiteTeamCountry "POL"]
[BlackTeamCountry "POL"]

1. e4 e5 2. Nf3 Nc6 3. Bc4 Bc5 4. c3 Nf6 5. d4 exd4 6. cxd4 Bb4+ 7. Nc3 Nxe4 8. Qb3 0-0 9. 0-0 Bxc3 10. bxc3 Na5 11. Bxf7+ Rxf7 12. Qd5 Nxc3 13. Qxa5 Ne2+ 14. Kh1 d6 15. Be3 Qf8 16. Ng5 Rf5 17. Qxc7 Nf4 18. Bxf4 Rxf4 19. Qc4+ Kh8 20. Rae1 Bd7 21. Qc2 Rh4 22. Nf3 Rh6 23. Qb3 b6 24. Ng5 Rf6 25. Ne4 Rg6 26. Ng3 Qf6 27. Qd5 Rf8 28. Ne4 Qf4 29. Ng3 Rh6 30. Qe4 Qf6 31. Qe7 Bb5 32. Qxf6 Rhxf6 33. Ne4 Bxf1 34. Nxf6 Bc4 35. Re8 Rxe8 36. Nxe8 Bxa2 37. Nxd6 a5 38. Nb5 Kg8 39. f3 Kf7 40. Kg1 Ke6 41. Kf2 Bc4 42. Na3 b5 43. Ke3 Kd5 44. Nc2 b4 45. g4 b3 46. Na3 b2 47. Nb1 Bb3 48. Nc3+ Kc4 49. Nb1 Ba2 50. d5 Kxd5 0-1

[Event "POL-chT U19 1st League"]
[Site "Karpacz"]
[Date "2013.07.27"]
[Round "6"]
[White "Suchanek, Paulina"]
[Black "Delekta, Anna"]
[Result "0-1"]
[WhiteElo "1339"]
[BlackElo "1740"]
[PlyCount "48"]
[EventDate "2013.07.22"]
[EventType "team-tourn"]
[EventRounds "9"]
[EventCountry "POL"]
[SourceTitle "EXT 2014"]
[Source "ChessBase"]
[SourceDate "2013.11.20"]
[SourceVersion "1"]
[SourceVersionDate "2013.11.20"]
[SourceQuality "1"]
[WhiteTeam "Raciborz KSz Silesia U19"]
[BlackTeam "Minsk Mazowiecki MTSz U19"]
[WhiteTeamCountry "POL"]
[BlackTeamCountry "POL"]

1. g3 c5 2. Bg2 Nf6 3. d3 g6 4. Nf3 Bg7 5. 0-0 d6 6. c4 Nc6 7. Nbd2 Bd7 8. a3 a5 9. Rb1 Qc8 10. Re1 Bh3 11. Bh1 h5 12. Ng5 h4 13. Nxh3 Qxh3 14. Bg2 Qe6 15. Ne4 Nxe4 16. Bxe4 hxg3 17. fxg3 Qh3 18. Kf2 Qxh2+ 19. Bg2 Be5 20. Bf4 Bxf4 21. gxf4 Qxf4+ 22. Kg1 Qe3+ 23. Kf1 Rh2 24. Qc1 Qg3 0-1

[Event "POL-chT U19 1st League"]
[Site "Karpacz"]
[Date "2013.07.22"]
[Round "1"]
[White "Rykala, Monika"]
[Black "Suchanek, Paulina"]
[Result "1-0"]
[WhiteElo "1867"]
[BlackElo "1339"]
[PlyCount "91"]
[EventDate "2013.07.22"]
[EventType "team-tourn"]
[EventRounds "9"]
[EventCountry "POL"]
[SourceTitle "EXT 2014"]
[Source "ChessBase"]
[SourceDate "2013.11.20"]
[SourceVersion "1"]
[SourceVersionDate "2013.11.20"]
[SourceQuality "1"]
[WhiteTeam "Zary ZKSz U19"]
[BlackTeam "Raciborz KSz Silesia U19"]
[WhiteTeamCountry "POL"]
[BlackTeamCountry "POL"]

1. d4 d5 2. c4 c6 3. Nc3 Nf6 4. Nf3 g6 5. e3 Bg4 6. h3 Bxf3 7. Qxf3 e6 8. Bd3 Nbd7 9. cxd5 Nxd5 10. Nxd5 cxd5 11. Bd2 Qb6 12. Qe2 Bg7 13. Bb5 Rd8 14. 0-0 a6 15. Ba4 0-0 16. a3 e5 17. Bb4 Rfe8 18. Qd2 Qe6 19. dxe5 b5 20. Bb3 Nxe5 21. Rfd1 Nc4 22. Bxc4 bxc4 23. Bc3 Rd7 24. Bxg7 Kxg7 25. Qc3+ Kg8 26. Rd4 Rb8 27. Rad1 Rb3 28. Qc2 Rb5 29. R1d2 f5 30. Qd1 Qc6 31. g4 c3 32. bxc3 Qxc3 33. Rxd5 Rdxd5 34. Rxd5 Qxa3 35. Rxb5 axb5 36. Qd5+ Kg7 37. Qxb5 fxg4 38. hxg4 Qc3 39. Qd7+ Kh6 40. Qf7 Qc1+ 41. Kh2 Qd2 42. Kg3 Qe1 43. g5+ Kh5 44. Qf3+ Kxg5 45. Qf4+ Kh5 46. Qh4# 1-0